[Event "Frankfurt-chA"]
[Site "Frankfurt"]
[Date "2018.06.11"]
[Round "6"]
[White "Hierling, Stefan"]
[Black "Diehl, Stefan"]
[Result "1/2-1/2"]
[WhiteElo "1901"]
[BlackElo "1725"]
[PlyCount "50"]
[EventDate "2018.04.30"]
[EventType "swiss"]
[EventRounds "7"]
[EventCountry "GER"]
[SourceTitle "EXT 2019"]
[Source "ChessBase"]
[SourceDate "2018.10.10"]
[SourceVersion "1"]
[SourceVersionDate "2018.10.10"]
[SourceQuality "1"]

1. e4 d5 2. exd5 Qxd5 3. Nc3 Qa5 4. Nf3 Nf6 5. Be2 Bf5 6. Nd4 c6 7. d3 e6 8. a3 Bg6 9. Nb3 Qc7 10. Be3 Bd6 11. g3 Nbd7 12. Qd2 Nd5 13. Nxd5 cxd5 14. Rc1 Nf6 15. Qa5 0-0 16. Qxc7 Bxc7 17. Nc5 b6 18. Na6 Bd6 19. 0-0 Bf5 20. Kg2 Rac8 21. c4 dxc4 22. dxc4 Be5 23. b4 Be4+ 24. f3 Bb7 25. c5 Nd5 1/2-1/2

[Event "Frankfurt-chA"]
[Site "Frankfurt"]
[Date "2018.05.07"]
[Round "2"]
[White "Hierling, Stefan"]
[Black "Weber, Samuel"]
[Result "0-1"]
[WhiteElo "1901"]
[BlackElo "2119"]
[PlyCount "102"]
[EventDate "2018.04.30"]
[EventType "swiss"]
[EventRounds "7"]
[EventCountry "GER"]
[SourceTitle "EXT 2019"]
[Source "ChessBase"]
[SourceDate "2018.10.10"]
[SourceVersion "1"]
[SourceVersionDate "2018.10.10"]
[SourceQuality "1"]

1. e4 e5 2. Nf3 Nc6 3. Nc3 Nf6 4. Bc4 Bc5 5. 0-0 d6 6. h3 0-0 7. d3 Be6 8. Bb3 h6 9. Be3 Bb4 10. Ne2 d5 11. exd5 Bxd5 12. Ng3 Re8 13. Nd2 Bf8 14. Nge4 Nh7 15. Bxd5 Qxd5 16. Nc3 Qd7 17. f3 f5 18. Re1 Rad8 19. a3 Re6 20. Bf2 Nd4 21. Nc4 Rde8 22. Ne2 Nc6 23. Nc3 a6 24. b4 Nd4 25. Ne2 c5 26. c3 Nxe2+ 27. Rxe2 b5 28. Nb2 cxb4 29. axb4 Nf6 30. Qb3 Kh8 31. Rae1 Nd5 32. g3 Qc6 33. Nd1 g6 34. Rf1 Bd6 35. Be1 Nf6 36. d4 e4 37. fxe4 Rxe4 38. Rxe4 Nxe4 39. d5 Qc7 40. Qb2 Bxg3 41. c4+ Be5 42. Qc1 Bd4+ 43. Kg2 Kh7 44. c5 Qe5 45. Qf4 Qxd5 46. Qf3 Qa2+ 47. Kh1 Be5 48. Qg2 Qb3 49. Qf3 Qc2 50. Bf2 Rd8 51. Ne3 Qb3 0-1

[Event "Frankfurt-chA"]
[Site "Frankfurt"]
[Date "2018.04.30"]
[Round "1"]
[White "Baer, Christian"]
[Black "Hierling, Stefan"]
[Result "0-1"]
[WhiteElo "1544"]
[BlackElo "1901"]
[PlyCount "158"]
[EventDate "2018.04.30"]
[EventType "swiss"]
[EventRounds "7"]
[EventCountry "GER"]
[SourceTitle "EXT 2019"]
[Source "ChessBase"]
[SourceDate "2018.10.10"]
[SourceVersion "1"]
[SourceVersionDate "2018.10.10"]
[SourceQuality "1"]

1. d4 d5 2. c4 c6 3. e3 Nf6 4. Nf3 g6 5. Nc3 Bg7 6. h3 0-0 7. cxd5 cxd5 8. Bd3 Nc6 9. 0-0 Bd7 10. b3 Rc8 11. Bb2 Nb4 12. Bb1 Re8 13. Re1 Bc6 14. a3 Na6 15. b4 b5 16. Bd3 Qb6 17. Qe2 Nc7 18. Ne5 a6 19. Rac1 Bb7 20. Bb1 Red8 21. Nd3 Bc6 22. Nc5 Be8 23. Bd3 Ra8 24. Rc2 Nd7 25. Qf3 Qf6 26. Qg3 Ra7 27. Ne2 Qd6 28. Rec1 Qxg3 29. Nxg3 Nb6 30. Ne2 e6 31. Ra1 Bf8 32. Bc3 Nca8 33. f3 Nc4 34. Kf2 Nab6 35. Ng1 Bd6 36. f4 Bf8 37. Nf3 Rd6 38. Ne5 f6 39. Nf3 Bg7 40. g3 Kf7 41. Be2 Bc6 42. g4 Rd8 43. Rca2 Re8 44. h4 Na4 45. Nxa4 bxa4 46. Nd2 Nd6 47. Rc2 Bb5 48. Bb2 Ke7 49. Rac1 Kd7 50. Nb1 Rb7 51. Nc3 Rc8 52. Nxb5 axb5 53. Rxc8 Nxc8 54. Rc2 Nd6 55. Bc1 Rc7 56. Rxc7+ Kxc7 57. Bd3 Kc6 58. Ke2 e5 59. fxe5 fxe5 60. dxe5 Bxe5 61. h5 gxh5 62. gxh5 h6 63. Kd2 Bf6 64. Ke2 Bg5 65. Bb2 Nc4 66. Bxc4 dxc4 67. Kf3 Kd5 68. Bg7 c3 69. Bxc3 Kc4 70. Bg7 Kb3 71. e4 Kxa3 72. e5 Kxb4 73. e6 a3 74. Bxh6 Bf6 75. Bg7 Bxg7 76. e7 a2 77. e8Q a1Q 78. Qe4+ Qd4 79. Qe7+ Ka4 0-1

[Event "Frankfurt-chA"]
[Site "Frankfurt"]
[Date "2014.06.02"]
[Round "6"]
[White "Muehlbach, Christian"]
[Black "Hierling, Stefan"]
[Result "1-0"]
[WhiteElo "1683"]
[BlackElo "1926"]
[PlyCount "117"]
[EventDate "2014.04.28"]
[EventType "swiss"]
[EventRounds "7"]
[EventCountry "GER"]
[SourceTitle "EXT 2015"]
[Source "ChessBase"]
[SourceDate "2014.11.20"]
[SourceVersion "1"]
[SourceVersionDate "2014.11.20"]
[SourceQuality "1"]

1. c4 c5 2. Nc3 Nf6 3. g3 g6 4. Bg2 Bg7 5. Nf3 Nc6 6. 0-0 0-0 7. Re1 d6 8. d3 Rb8 9. Bd2 Bd7 10. Qc2 a6 11. Rad1 b5 12. b3 Ng4 13. Nd5 e6 14. Nf4 Nge5 15. Nxe5 Bxe5 16. Bc3 Nd4 17. Qd2 Qf6 18. Rc1 b4 19. Ba1 a5 20. Nh3 Nf5 21. e3 Bxa1 22. Rxa1 a4 23. Nf4 Rb6 24. Ne2 e5 25. f4 exf4 26. Nxf4 Ra6 27. Nd5 Qg7 28. Rab1 axb3 29. axb3 Kh8 30. g4 Nh4 31. g5 Qe5 32. e4 Bh3 33. Bh1 Ra3 34. Qf4 Qxf4 35. Nxf4 Bg4 36. Kf2 f6 37. Kg3 Nf3 38. Bxf3 Bxf3 39. Nxg6+ hxg6 40. Kxf3 fxg5+ 41. Kg3 Re8 42. Rb2 Kg7 43. Rf1 Re6 44. Kg4 Rf6 45. Rf3 Rxf3 46. Kxf3 Kf6 47. Kg4 Ke5 48. Kxg5 Kd4 49. Kxg6 Kc3 50. Rf2 Ra1 51. h4 Rh1 52. h5 Kxb3 53. Rf6 Kc3 54. Rxd6 b3 55. h6 b2 56. Rb6 b1Q 57. Rxb1 Rxb1 58. h7 Rh1 59. e5 1-0

[Event "Frankfurt-chA"]
[Site "Frankfurt"]
[Date "2014.05.26"]
[Round "5"]
[White "Hierling, Stefan"]
[Black "Zimmer, Gerald"]
[Result "1-0"]
[WhiteElo "1926"]
[BlackElo "1832"]
[PlyCount "62"]
[EventDate "2014.04.28"]
[EventType "swiss"]
[EventRounds "7"]
[EventCountry "GER"]
[SourceTitle "EXT 2015"]
[Source "ChessBase"]
[SourceDate "2014.11.20"]
[SourceVersion "1"]
[SourceVersionDate "2014.11.20"]
[SourceQuality "1"]

1. e4 e6 2. d4 d5 3. exd5 exd5 4. Bd3 Nc6 5. c3 Bd6 6. h3 Nf6 7. Bg5 h6 8. Qe2+ Be6 9. Be3 Qd7 10. Nd2 Ne7 11. g4 g5 12. Ngf3 c6 13. Ne5 Qc7 14. f4 gxf4 15. Bxf4 0-0-0 16. 0-0-0 Nd7 17. Bh2 c5 18. Nxd7 Rxd7 19. Bb5 Rdd8 20. dxc5 Bxh2 21. Rxh2 d4 22. Nb3 dxc3 23. Rxd8+ Rxd8 24. bxc3 Bxb3 25. axb3 Qxc5 26. Qc4 Rd5 27. Rf2 f5 28. gxf5 Nxf5 29. b4 Rd1+ 30. Kxd1 Ne3+ 31. Ke2 Nxc4 1-0

[Event "Frankfurt-chA"]
[Site "Frankfurt"]
[Date "2013.04.29"]
[Round "1"]
[White "Hierling, Stefan"]
[Black "Lanz, Juergen"]
[Result "1-0"]
[WhiteElo "2048"]
[BlackElo "1549"]
[PlyCount "51"]
[EventDate "2013.04.29"]
[EventType "swiss"]
[EventRounds "7"]
[EventCountry "GER"]
[SourceTitle "EXT 2014"]
[Source "ChessBase"]
[SourceDate "2013.11.20"]
[SourceVersion "1"]
[SourceVersionDate "2013.11.20"]
[SourceQuality "1"]

1. e4 e5 2. Nc3 Nf6 3. Bc4 c6 4. Nf3 d5 5. exd5 e4 6. Nd4 cxd5 7. Bb5+ Bd7 8. Bxd7+ Qxd7 9. d3 Bb4 10. Bd2 exd3 11. cxd3 0-0 12. 0-0 a6 13. Bg5 Be7 14. Qf3 h6 15. Bh4 Nc6 16. Nf5 g5 17. Nxh6+ Kh7 18. Bxg5 Nd4 19. Qf4 Nh5 20. Qxd4 Bxg5 21. Qg4 Qxg4 22. Nxg4 f5 23. Ne5 d4 24. Na4 Bf4 25. Nf3 Rac8 26. Nxd4 1-0

[Event "Frankfurt-chA"]
[Site "Frankfurt"]
[Date "2012.06.18"]
[Round "7"]
[White "Hierling, Stefan"]
[Black "Schneider, Marco"]
[Result "0-1"]
[WhiteElo "1954"]
[BlackElo "1750"]
[PlyCount "70"]
[EventDate "2012.04.30"]
[EventType "swiss"]
[EventRounds "7"]
[EventCountry "GER"]
[SourceTitle "EXT 2013"]
[Source "ChessBase"]
[SourceDate "2012.11.22"]
[SourceVersion "1"]
[SourceVersionDate "2012.11.22"]
[SourceQuality "1"]

1. e4 g6 2. d4 Bg7 3. Nf3 d6 4. h3 Nd7 5. Bd3 e5 6. c3 Ne7 7. 0-0 0-0 8. Be3 exd4 9. Bxd4 Ne5 10. Nxe5 dxe5 11. Be3 Be6 12. Qc2 Qc8 13. Bc5 Re8 14. Nd2 b6 15. Be3 c5 16. b3 Qd7 17. Rad1 Rad8 18. Nf3 Qc8 19. Qe2 h6 20. Bc1 g5 21. Nh2 Ng6 22. Ba6 Qc7 23. Bb5 Rxd1 24. Rxd1 Rd8 25. Rd2 Nf4 26. Qd1 Rxd2 27. Qxd2 c4 28. Qc2 Qc5 29. bxc4 Bxc4 30. Bxc4 Qxc4 31. Bd2 Qe2 32. Ng4 Nd3 33. Qa4 Qxd2 34. Qe8+ Kh7 35. Qxf7 Qc1+ 0-1

[Event "Frankfurt-chA"]
[Site "Frankfurt"]
[Date "2012.05.14"]
[Round "3"]
[White "Hierling, Stefan"]
[Black "Nagel, Norbert"]
[Result "1/2-1/2"]
[WhiteElo "1954"]
[BlackElo "1779"]
[PlyCount "103"]
[EventDate "2012.04.30"]
[EventType "swiss"]
[EventRounds "7"]
[EventCountry "GER"]
[SourceTitle "EXT 2013"]
[Source "ChessBase"]
[SourceDate "2012.11.22"]
[SourceVersion "1"]
[SourceVersionDate "2012.11.22"]
[SourceQuality "1"]

1. e4 e5 2. Nf3 Nf6 3. Nc3 Bb4 4. d3 d6 5. h3 h6 6. Be2 Be6 7. Bd2 c6 8. a3 Ba5 9. 0-0 Nbd7 10. b4 Bc7 11. d4 Nb6 12. dxe5 dxe5 13. Be3 Nfd7 14. Nd2 Qe7 15. Qb1 a5 16. bxa5 Rxa5 17. Qb4 Ra8 18. Qb2 0-0 19. a4 Rfb8 20. Rfb1 f6 21. Qc1 Nc5 22. Qa3 Nbd7 23. Nb3 Bd6 24. Qb2 Nb6 25. Nxc5 Bxc5 26. Bxc5 Qxc5 27. Qb4 Nd7 28. Rb2 Ra5 29. Nd1 Qxb4 30. Rxb4 Nc5 31. Bc4 Kf7 32. Nc3 Bxc4 33. Rxc4 Ke6 34. Kf1 Rd8 35. Rb1 Rd4 36. Rbb4 Rd2 37. Nb1 Rd1+ 38. Ke2 Rg1 39. Kf3 Rxa4 40. Rxa4 Nxa4 41. Nd2 Ra1 42. Nb3 b5 43. Rxc6+ Kd7 44. Rxf6 gxf6 45. Nxa1 Nc5 46. Ke3 b4 47. g3 Kc6 48. f4 Kb5 49. Nb3 Ne6 50. Nd2 Ka4 51. fxe5 fxe5 52. Nc4 1/2-1/2

[Event "Frankfurt-chA"]
[Site "Frankfurt"]
[Date "2012.05.08"]
[Round "2"]
[White "Telljohann, Sven"]
[Black "Hierling, Stefan"]
[Result "1-0"]
[WhiteElo "2391"]
[BlackElo "1954"]
[PlyCount "134"]
[EventDate "2012.04.30"]
[EventType "swiss"]
[EventRounds "7"]
[EventCountry "GER"]
[SourceTitle "EXT 2013"]
[Source "ChessBase"]
[SourceDate "2012.11.22"]
[SourceVersion "1"]
[SourceVersionDate "2012.11.22"]
[SourceQuality "1"]

1. Nf3 Nf6 2. c4 g6 3. b4 Bg7 4. Bb2 0-0 5. g3 d5 6. cxd5 Qxd5 7. Bg2 c6 8. Nc3 Qd6 9. a3 Rd8 10. 0-0 Bg4 11. d3 a5 12. b5 Bd7 13. a4 Be8 14. Qc2 Rc8 15. Ba3 Qd8 16. Qb3 e6 17. Rab1 Nd5 18. Ne4 cxb5 19. axb5 Qb6 20. Rfc1 Rxc1+ 21. Rxc1 Na6 22. Nd6 Nab4 23. Nxe8 Rxe8 24. Qc4 Qd8 25. d4 Bh6 26. Rb1 Qc8 27. Qb3 Qc2 28. Bxb4 Nxb4 29. Qxc2 Nxc2 30. e3 b6 31. Ne5 Nxe3 32. fxe3 Bxe3+ 33. Kf1 Bxd4 34. Nc6 Bc5 35. Rd1 a4 36. Rd7 a3 37. Ra7 Kg7 38. Be4 Kf6 39. Ke2 h5 40. Kf3 g5 41. h3 Rg8 42. Kg2 Re8 43. Bf3 g4 44. hxg4 hxg4 45. Bxg4 e5 46. Bh5 Rf8 47. Kf3 Ke6 48. Ke2 f5 49. Bf7+ Kf6 50. Bc4 f4 51. gxf4 exf4 52. Kf3 Rh8 53. Rf7+ Kg5 54. Ke4 Rh4 55. Rf5+ Kh6 56. Rxf4 Rh2 57. Rf1 Rd2 58. Ke5 Kh5 59. Kf5 Kh4 60. Kf4 Kh5 61. Ne5 Rh2 62. Bf7+ Kh6 63. Ng4+ Kg7 64. Nxh2 Bd6+ 65. Ke4 Bxh2 66. Ba2 Bd6 67. Kd5 Bc5 1-0

[Event "Hessen-ch Gr-A+B 65th"]
[Site "Gladenbach"]
[Date "2011.04.21"]
[Round "2"]
[White "Ewin, Hans Peter"]
[Black "Hierling, Stefan"]
[Result "0-1"]
[WhiteElo "1936"]
[BlackElo "2054"]
[PlyCount "88"]
[EventDate "2011.04.20"]
[EventType "swiss"]
[EventRounds "7"]
[EventCountry "GER"]
[SourceTitle "CBM 142 Extra"]
[Source "ChessBase"]
[SourceDate "2011.06.27"]
[SourceVersion "1"]
[SourceVersionDate "2011.06.27"]
[SourceQuality "1"]

1. e4 c5 2. Nf3 Nc6 3. d4 cxd4 4. Nxd4 g6 5. Nc3 Bg7 6. Be3 d6 7. Qd2 Bd7 8. f3 a6 9. Bc4 Rc8 10. Bb3 Na5 11. 0-0-0 Nc4 12. Bxc4 Rxc4 13. Kb1 Nf6 14. g4 Be6 15. Nxe6 fxe6 16. e5 Nd7 17. exd6 exd6 18. Qxd6 Rc6 19. Qa3 Bxc3 20. bxc3 Qe7 21. Qxe7+ Kxe7 22. Rhe1 h6 23. f4 Rf8 24. Kb2 Nb6 25. Kb3 Rfc8 26. Bd4 Nd5 27. f5 gxf5 28. gxf5 Nxc3 29. Rd3 Nb5 30. Rxe6+ Rxe6 31. fxe6 Kxe6 32. Bg7 h5 33. Rh3 Rc5 34. c4 Kf7 35. Bb2 Nc7 36. Ba3 Rf5 37. Re3 Ne6 38. Bb2 Rf2 39. Be5 Rf5 40. Kc3 Rf2 41. a3 h4 42. Kb4 Rf5 43. c5 Ke7 44. Rh3 Rxe5 0-1

[Event "Frankfurt-ch"]
[Site "Frankfurt"]
[Date "2010.06.14"]
[Round "7"]
[White "Hierling, Stefan"]
[Black "Prudlo, Simon"]
[Result "0-1"]
[WhiteElo "2059"]
[BlackElo "2251"]
[PlyCount "77"]
[EventDate "2010.04.26"]
[EventType "swiss"]
[EventRounds "7"]
[EventCountry "GER"]
[SourceTitle "EXT 2011"]
[Source "ChessBase"]
[SourceDate "2010.11.26"]
[SourceVersion "1"]
[SourceVersionDate "2010.11.26"]
[SourceQuality "1"]

1. e4 e6 2. d4 d5 3. exd5 exd5 4. Nf3 Bd6 5. h3 Nf6 6. Bd3 0-0 7. 0-0 Re8 8. Re1 Rxe1+ 9. Qxe1 Nbd7 10. Be3 Nf8 11. Nbd2 Ng6 12. c3 Bd7 13. Qd1 Nf4 14. Bf1 Qe8 15. a4 a5 16. Qc2 Qc8 17. Bxf4 Bxf4 18. Re1 g6 19. Ne5 Bxa4 20. Qxa4 Bxd2 21. Re2 Bf4 22. Nf3 Qd7 23. Qb3 c6 24. g3 a4 25. Qc2 Bd6 26. Ne1 b5 27. Nd3 h5 28. Re1 Kg7 29. Bg2 Re8 30. Qd1 Ne4 31. Re3 a3 32. Qa1 Qf5 33. bxa3 Ra8 34. Rf3 Qg5 35. Nb4 Qd2 36. Nxc6 Rxa3 37. Qf1 Nxc3 38. Nd8 Ne2+ 39. Kh1 0-1

[Event "Frankfurt-ch"]
[Site "Frankfurt"]
[Date "2010.05.31"]
[Round "5"]
[White "Hierling, Stefan"]
[Black "Roeschlau, Bernd"]
[Result "0-1"]
[WhiteElo "2059"]
[BlackElo "2226"]
[PlyCount "78"]
[EventDate "2010.04.26"]
[EventType "swiss"]
[EventRounds "7"]
[EventCountry "GER"]
[SourceTitle "EXT 2011"]
[Source "ChessBase"]
[SourceDate "2010.11.26"]
[SourceVersion "1"]
[SourceVersionDate "2010.11.26"]
[SourceQuality "1"]

1. e4 c5 2. Nc3 Nc6 3. Nf3 g6 4. b3 Bg7 5. Bb2 Nf6 6. Rb1 0-0 7. Bc4 e6 8. 0-0 a6 9. Re1 d5 10. exd5 exd5 11. Bf1 Bf5 12. d3 Rc8 13. a3 Qc7 14. h3 b5 15. Ne2 d4 16. Ng3 Be6 17. Ne4 Nxe4 18. Rxe4 Bd5 19. Re1 Ne5 20. Nxe5 Bxe5 21. Bc1 Rfe8 22. Bd2 Re6 23. Kh1 h5 24. Rc1 Qe7 25. f4 Bd6 26. Rxe6 fxe6 27. Qe1 Rf8 28. Qg3 Qf6 29. Be2 Qf5 30. Rf1 Rf7 31. Qg5 Qxg5 32. fxg5 Rxf1+ 33. Bxf1 e5 34. Kg1 Kf7 35. Kf2 Ke6 36. g3 e4 37. dxe4 Bxe4 38. c3 Be5 39. cxd4 Bxd4+ 0-1

[Event "Frankfurt-ch"]
[Site "Frankfurt"]
[Date "2010.05.17"]
[Round "4"]
[White "Uwira, Oliver"]
[Black "Hierling, Stefan"]
[Result "1/2-1/2"]
[WhiteElo "2230"]
[BlackElo "2059"]
[PlyCount "48"]
[EventDate "2010.04.26"]
[EventType "swiss"]
[EventRounds "7"]
[EventCountry "GER"]
[SourceTitle "EXT 2011"]
[Source "ChessBase"]
[SourceDate "2010.11.26"]
[SourceVersion "1"]
[SourceVersionDate "2010.11.26"]
[SourceQuality "1"]

1. e4 e5 2. Nf3 d6 3. d4 exd4 4. Nxd4 Bd7 5. Bc4 Nc6 6. 0-0 Nge7 7. Nc3 Nxd4 8. Qxd4 Nc6 9. Qe3 g6 10. Qg3 Be6 11. Nd5 Bg7 12. Bg5 f6 13. Qc3 Ne5 14. f4 fxg5 15. fxe5 Bxe5 16. Bb5+ c6 17. Bxc6+ bxc6 18. Qxc6+ Bd7 19. Nc7+ Ke7 20. Qc4 Qg8 21. Nd5+ Ke8 22. Rad1 Qg7 23. Nc7+ Ke7 24. Nd5+ Ke8 1/2-1/2

[Event "Hessen-ch Gr-B 64th"]
[Site "Bad Vilbel"]
[Date "2010.04.02"]
[Round "5"]
[White "Eg, Karlheinz"]
[Black "Hierling, Stefan"]
[Result "0-1"]
[WhiteElo "2120"]
[BlackElo "2059"]
[PlyCount "70"]
[EventDate "2010.03.31"]
[EventType "swiss"]
[EventRounds "7"]
[EventCountry "GER"]
[SourceTitle "EXT 2011"]
[Source "ChessBase"]
[SourceDate "2010.11.26"]
[SourceVersion "1"]
[SourceVersionDate "2010.11.26"]
[SourceQuality "1"]

1. e4 e5 2. Nf3 Nc6 3. Bb5 Nge7 4. 0-0 d6 5. d4 exd4 6. Nxd4 Bd7 7. Bc4 Nxd4 8. Qxd4 Nc6 9. Qe3 Be7 10. Nc3 Ne5 11. Bb3 0-0 12. f4 Ng4 13. Qf3 Bf6 14. e5 dxe5 15. h3 e4 16. Qxe4 Bxc3 17. bxc3 Bc6 18. Qd4 Nf6 19. Ba3 Re8 20. Rad1 Qxd4+ 21. cxd4 Rad8 22. c4 Re4 23. d5 Bd7 24. Rde1 Rde8 25. Bb4 Nxd5 26. Bd2 Rxe1 27. Bxe1 Nxf4 28. Bd2 Ne2+ 29. Kf2 Nd4 30. Bd1 c5 31. Bf4 Re6 32. Re1 a6 33. a4 g6 34. Rxe6 Nxe6 35. a5 Nxf4 0-1

[Event "Hessen-ch Gr-B 64th"]
[Site "Bad Vilbel"]
[Date "2010.04.01"]
[Round "2"]
[White "Hierling, Stefan"]
[Black "Mueller, Achim"]
[Result "1/2-1/2"]
[WhiteElo "2059"]
[BlackElo "2156"]
[PlyCount "56"]
[EventDate "2010.03.31"]
[EventType "swiss"]
[EventRounds "7"]
[EventCountry "GER"]
[SourceTitle "EXT 2011"]
[Source "ChessBase"]
[SourceDate "2010.11.26"]
[SourceVersion "1"]
[SourceVersionDate "2010.11.26"]
[SourceQuality "1"]

1. e4 c5 2. Nc3 Nc6 3. Nf3 e6 4. d4 cxd4 5. Nxd4 Qc7 6. a3 a6 7. g3 Nf6 8. Bg2 b5 9. Nxc6 dxc6 10. 0-0 Bb7 11. Qe2 Be7 12. Be3 0-0 13. Rfd1 a5 14. f3 b4 15. axb4 axb4 16. Na4 c5 17. b3 Rfc8 18. Bf1 Ne8 19. Bf4 Qc6 20. Qb5 Bf6 21. Rac1 Ba6 22. Qxc6 Rxc6 23. Bxa6 Raxa6 24. e5 Be7 25. Rd7 Kf8 26. Rb7 Rc7 27. Rxc7 Nxc7 28. c4 Ke8 1/2-1/2

[Event "Hessen-ch Gr-B"]
[Site "Idstein"]
[Date "2009.04.09"]
[Round "3"]
[White "Hierling, Stefan"]
[Black "Tepe, Josef"]
[Result "1-0"]
[WhiteElo "2045"]
[BlackElo "2122"]
[PlyCount "87"]
[EventDate "2009.04.08"]
[EventType "swiss"]
[EventRounds "7"]
[EventCountry "GER"]
[SourceTitle "EXT 2010"]
[Source "ChessBase"]
[SourceDate "2010.11.25"]
[SourceVersion "1"]
[SourceVersionDate "2010.11.25"]
[SourceQuality "1"]

1. e4 c5 2. Nc3 Nc6 3. f4 g6 4. Nf3 Bg7 5. d3 d6 6. h3 e6 7. Ne2 Nd4 8. Nexd4 cxd4 9. g3 Bd7 10. Bg2 Ne7 11. Bd2 Rc8 12. 0-0 0-0 13. Rf2 Qb6 14. Rb1 Ba4 15. Be1 Rc7 16. Re2 Rfc8 17. b3 Bd7 18. Bf2 Qc5 19. c4 Nc6 20. Qd2 a5 21. Qb2 e5 22. a3 exf4 23. gxf4 Qh5 24. Kh2 Re8 25. Ng1 f5 26. Bf3 Qh6 27. Bg3 fxe4 28. Bxe4 Be6 29. b4 axb4 30. axb4 Rf7 31. Bd5 Rfe7 32. Rxe6 Rxe6 33. Re1 Nd8 34. Qg2 b6 35. Bxe6+ Rxe6 36. Rxe6 Nxe6 37. Qd5 Kf7 38. Qxd6 g5 39. f5 Nf4 40. Bxf4 gxf4 41. Qxh6 Bxh6 42. Ne2 f3 43. Nxd4 Bf4+ 44. Kh1 1-0

[Event "Hessen-ch Gr-B"]
[Site "Idstein"]
[Date "2009.04.08"]
[Round "1"]
[White "Hierling, Stefan"]
[Black "Weisser, Wolfgang"]
[Result "0-1"]
[WhiteElo "2045"]
[BlackElo "2123"]
[PlyCount "114"]
[EventDate "2009.04.08"]
[EventType "swiss"]
[EventRounds "7"]
[EventCountry "GER"]
[SourceTitle "EXT 2010"]
[Source "ChessBase"]
[SourceDate "2010.11.25"]
[SourceVersion "1"]
[SourceVersionDate "2010.11.25"]
[SourceQuality "1"]

1. e4 c6 2. Nc3 d5 3. exd5 cxd5 4. d4 Nf6 5. Nf3 Bf5 6. Bd3 Bxd3 7. Qxd3 e6 8. a3 Nc6 9. 0-0 Bd6 10. Bg5 0-0 11. Rfe1 a6 12. Rab1 Qc7 13. Bh4 Rac8 14. Bg3 Bxg3 15. hxg3 Na5 16. Re2 Nc4 17. Nd1 Ne4 18. c3 Rfe8 19. Ne3 Ncd6 20. Nf1 b5 21. N3d2 Qb7 22. f3 Nf6 23. Nb3 Nd7 24. Rbe1 Nc4 25. Kf2 Qb6 26. Ne3 a5 27. Nxd5 Nde5 28. Rxe5 Nxe5 29. Nxb6 Nxd3+ 30. Kf1 Nxe1 31. Nxc8 Rxc8 32. Kxe1 b4 33. axb4 axb4 34. Nc5 bxc3 35. bxc3 e5 36. Ke2 exd4 37. cxd4 Kf8 38. Kd3 Ra8 39. Ke2 Ra2+ 40. Kf1 Rd2 41. Nd7+ Ke8 42. Ne5 Rxd4 43. Ke2 Ra4 44. f4 Ke7 45. Kf3 Ke6 46. Kg4 f6 47. Nf3 Ra2 48. Kh3 Kd5 49. Nh4 Ke4 50. Kg4 g6 51. Kh3 Ra1 52. Kh2 Rf1 53. Nf3 Rxf3 54. gxf3+ Kxf3 55. Kh3 g5 56. fxg5 fxg5 57. Kh2 g4 0-1

[Event "Frankfurt-ch"]
[Site "Frankfurt"]
[Date "2008.05.05"]
[Round "2"]
[White "Uwira, Oliver"]
[Black "Hierling, Stefan"]
[Result "1-0"]
[WhiteElo "2305"]
[BlackElo "2032"]
[PlyCount "69"]
[EventDate "2008.04.28"]
[EventType "swiss"]
[EventRounds "7"]
[EventCountry "GER"]
[SourceTitle "EXT 2009"]
[Source "ChessBase"]
[SourceDate "2008.11.26"]
[SourceVersion "1"]
[SourceVersionDate "2008.11.26"]
[SourceQuality "1"]

1. e4 c5 2. Nf3 Nc6 3. d4 cxd4 4. Nxd4 d6 5. Nc3 g6 6. Be3 Bg7 7. Qd2 Nf6 8. f3 Bd7 9. 0-0-0 Nxd4 10. Bxd4 Qa5 11. Kb1 Bc6 12. Bxf6 Bxf6 13. Nd5 Qxd2 14. Nxf6+ exf6 15. Rxd2 0-0-0 16. Bc4 Rd7 17. Rhd1 Kc7 18. Bd5 Re8 19. c4 Bxd5 20. Rxd5 b6 21. b4 Re5 22. Kb2 Kc6 23. Kc3 Rxd5 24. exd5+ Kc7 25. Re1 Kd8 26. Kd4 Rc7 27. Re4 f5 28. Re2 Rc8 29. a4 Kd7 30. Ra2 Kc7 31. a5 Kb7 32. axb6 axb6 33. Re2 Rc7 34. Re8 h5 35. Rd8 1-0

[Event "Frankfurt-ch"]
[Site "Frankfurt"]
[Date "2007.06.04"]
[Round "5"]
[White "Orwatsch, Gerhard"]
[Black "Hierling, Stefan"]
[Result "1/2-1/2"]
[WhiteElo "2082"]
[BlackElo "1891"]
[PlyCount "123"]
[EventDate "2007.04.30"]
[EventType "swiss"]
[EventRounds "7"]
[EventCountry "GER"]
[SourceTitle "EXT 2008"]
[Source "ChessBase"]
[SourceDate "2007.11.25"]
[SourceVersion "1"]
[SourceVersionDate "2007.11.25"]
[SourceQuality "1"]

1. Nf3 Nf6 2. c4 d5 3. cxd5 Qxd5 4. Nc3 Qa5 5. g3 c6 6. Bg2 g6 7. 0-0 Bg7 8. d4 0-0 9. Bd2 Nbd7 10. e4 Qd8 11. Qe2 Nb6 12. Rfd1 Bg4 13. Be3 e6 14. h3 Bxf3 15. Bxf3 Re8 16. a4 a5 17. Bg2 Rc8 18. h4 h6 19. Ra3 Re7 20. Rb3 Na8 21. g4 Rd7 22. g5 Nh7 23. e5 hxg5 24. hxg5 Nxg5 25. Bxg5 Qxg5 26. Ne4 Qe7 27. Nd6 Rcd8 28. Qe1 Rxd6 29. exd6 Rxd6 30. Qxa5 Rd8 31. Qa7 Qg5 32. Rxb7 Qf4 33. Rd7 Rf8 34. Qc5 Rc8 35. b4 Bf8 36. Qe5 Qg4 37. f3 Qh4 38. Qe1 Qg5 39. a5 Nc7 40. Qe5 Qxe5 41. dxe5 Bxb4 42. Rd8+ Rxd8 43. Rxd8+ Kg7 44. Rd6 Bxa5 45. Rxc6 Nd5 46. Kf2 Bd2 47. Rc2 Bf4 48. Re2 g5 49. Bf1 Ne7 50. Re1 Ng6 51. Bd3 Nxe5 52. Bb1 f5 53. Rd1 Kf6 54. Rd8 Ke7 55. Ra8 Nc4 56. Ba2 Nd6 57. Ra7+ Kf6 58. Ra6 g4 59. fxg4 fxg4 60. Kg2 Be5 61. Bb3 Kf5 62. Ba2 1/2-1/2

[Event "Frankfurt-ch"]
[Site "Frankfurt"]
[Date "2007.05.21"]
[Round "4"]
[White "Hierling, Stefan"]
[Black "Muellergross, Christian"]
[Result "1-0"]
[WhiteElo "1891"]
[BlackElo "1559"]
[PlyCount "73"]
[EventDate "2007.04.30"]
[EventType "swiss"]
[EventRounds "7"]
[EventCountry "GER"]
[SourceTitle "EXT 2008"]
[Source "ChessBase"]
[SourceDate "2007.11.25"]
[SourceVersion "1"]
[SourceVersionDate "2007.11.25"]
[SourceQuality "1"]

1. e4 e6 2. d4 d5 3. exd5 exd5 4. Nc3 Nf6 5. Bb5+ c6 6. Bd3 Bd6 7. Bg5 0-0 8. Nge2 Bg4 9. Qd2 Nbd7 10. h3 Bh5 11. 0-0 Bg6 12. a3 Bxd3 13. Qxd3 Qc7 14. Bh4 Rfe8 15. Bg3 Ne4 16. Nxe4 Rxe4 17. Bxd6 Qxd6 18. Ng3 Ree8 19. Rae1 g6 20. Qd2 Kg7 21. Qg5 Kh8 22. c3 Nf6 23. Re5 Ne4 24. Nxe4 dxe4 25. Qf4 Rxe5 26. dxe5 Qe6 27. Qxe4 Re8 28. Re1 f6 29. f4 g5 30. fxg5 Qxe5 31. Qxe5 Rxe5 32. Rxe5 fxe5 33. Kf2 Kg7 34. Kf3 Kg6 35. Kg4 e4 36. h4 e3 37. Kf3 1-0